|
|
แสดงรายละเอียดบรรณานุกรม |
|
|
Brief Record
: Get Marc (ISO 2709)
: E-mail record
: |
|
|
| LEADER 00000nama 2200000uu 4500 | |||
| 001 198557 | |||
| 003 ULIBM | |||
| 008 040531s|||| th m m a000 0 tha d | |||
| 020 9744098333 | |||
| 041 tha | |||
| 050 WA108 ฉ448ร 2549 | |||
| 100 เฉลียว ปิยะชน. | |||
| 245 รู้สู้โรค : โมเลกุลเพื่อชีวิต ชีวิตเพื่อสุขภาพ = Molecular-Cellular Holistic Preventive medicine/เฉลียว ปิยะชน. | |||
| 260 กรุงเทพฯ. สุขภาพใจ. 2549. | |||
| 300 527 หน้า. | |||
| 650 1.สุขภาพ 2.โรค--การป้องกันและรักษา 3.การดูแลสุขภาพด้วยตนเอง--รวมเรื่อง. | |||
| 995 001 | |||
| คุณยังไม่ได้ล็อกอิน คุณสามารถมีกิจกรรมร่วมกับเว็บไซต์ได้ แต่ต้องล็อกอินก่อน :: |
|
| สถานะ | |||||||||
| 1. | หนังสือทั่วไป | WA108 ฉ448ร 2549 | On Shelf ขอยืม | ||||||
| 2. | หนังสือทั่วไป | WA108 ฉ448ร 2549 | On Shelf ขอยืม | ||||||
| [แสดง 2/2 รายการ] | |||||||||
| รายการใกล้เคียง ผู้แต่ง [เฉลียว ปิยะชน.] |
BibComment |
| คอมเมนท์ทรัพยากรรายการนี้ |
|
|